000
00269nam a2200109Ia 4500
005
20251222144709.0
008
251222s9999||||xx |||||||||||||| ||spa||
082
_a
610.734/T34
245
0
_a
Manual de Primeros Auxilios a su Servicio
264
_b
Telefarma
942
_c
LIB
999
_c
17750
_d
17750